| 000 | 01161cam a22003255a 4500 | ||
|---|---|---|---|
| 001 | 17858933 | ||
| 005 | 20201128023559.0 | ||
| 008 | 130816t2014 stka frb 001 0 eng d | ||
| 010 | _a 2013033428 | ||
| 020 | _a9780702050473 | ||
| 020 | _a0702050474 | ||
| 040 |
_aDNLM/DLC _beng _cDLC _dDLC _dEG-ScBUE |
||
| 082 | 0 | 4 |
_a616 _bDAV _222 |
| 245 | 0 | 0 |
_aDavidson's principles and practice of medicine / _cedited by Brian R. Walker ... [et al.] ; illustrations by Robert Britton. |
| 246 | 3 | 0 | _aPrinciples and practice of medicine |
| 250 | _a22nd ed., International ed. | ||
| 260 |
_aEdinburgh : _bChurchill Livingstone / Elsevier, _cc.2014. |
||
| 300 |
_axix, 1372 p. : _bill. (some col.) ; _c27 cm. |
||
| 500 | _a"Study smart with student consult"--Cover. | ||
| 500 | _aIndex : p. 1313-1372. | ||
| 504 | _aIncludes bibliographical references. | ||
| 600 | 1 | 0 |
_aDavidson, Stanley, _cSir, _d1894-1981 _938455 |
| 650 | 7 |
_aInternal medicine. _2BUEsh _92170 |
|
| 651 | _2BUEsh | ||
| 653 |
_bPPhrm _cSeptember2015 |
||
| 655 |
_vReading book _934232 |
||
| 700 | 1 |
_aWalker, Brian R., _eeditor. |
|
| 700 | 1 |
_aBritton, Robert, _eillustrator. |
|
| 942 |
_2ddc _k616 DAV |
||
| 999 |
_c20871 _d20843 |
||